000 00684nam a2200205 i 4500
001 141781
003 ES-MaACL
005 20250809062539.0
007 t|
008 070927s1924 fr ||||1| fre d
100 1 _aVinogradoff, Paul.
_9115336
245 1 0 _aPrinciples historiques du droit
_b: . Introduction . Le droit de la tribu /
_cPaul Vinogradoff ; traduit de l'anglais par M. P. Duez et M. G. Joüon des Longrais.
260 _aParis :
_bPayot,
_c1924.
300 _a418 p. ;
_c23 cm.
650 1 7 _aDerecho
_2embne
_911602
700 1 _aDuez, Paul.
_945885
700 1 _aJoüon des Longrais, Frédéric.
_967023
852 _aES-MaACL
_jF-5465
999 _c141781
_d141781